Loading...
| Science - Biology | 0 | 7 | 1 | 2 | 65 | 100 | 115.57 | 0 | 1 |
| History - World History | 0 | 6 | 0 | 2 | 60 | 67 | 111.00 | 1 | 2 |
| History - European History | 0 | 5 | 1 | 1 | 45 | 49 | 108.80 | 1 | 2 |
| History - Other History | 0 | 5 | 1 | 1 | 45 | 15 | 98.00 | 2 | 4 |
| Philosophy | 0 | 4 | 0 | 0 | 40 | 99 | 119.25 | 0 | 0 |
| Fine Arts - Painting and Sculpture | 0 | 4 | 0 | 1 | 40 | 128 | 137.50 | 0 | 0 |
| Science - Other Science | 0 | 4 | 0 | 0 | 40 | 43 | 88.25 | 1 | 2 |
| Fine Arts - Classical Music | 0 | 4 | 1 | 1 | 35 | 112 | 123.25 | 0 | 1 |
| History - American History | 0 | 4 | 1 | 1 | 35 | 87 | 103.50 | 0 | 3 |
| Social Science | 0 | 4 | 1 | 0 | 35 | 87 | 96.75 | 0 | 1 |
| Science - Chemistry | 0 | 3 | 0 | 1 | 30 | 108 | 115.67 | 0 | 0 |
| Mythology | 0 | 3 | 0 | 1 | 30 | 123 | 132.33 | 0 | 0 |
| Fine Arts - Other Fine Arts | 0 | 3 | 1 | 0 | 25 | 62 | 104.00 | 1 | 1 |
| Literature - British Literature | 0 | 3 | 1 | 0 | 25 | 89 | 115.00 | 1 | 1 |
| Science - Physics | 0 | 2 | 0 | 0 | 20 | 74 | 94.00 | 0 | 0 |
| Literature - American Literature | 0 | 1 | 0 | 0 | 10 | 112 | 112.00 | 0 | 0 |
| Pop Culture | 0 | 1 | 0 | 1 | 10 | 133 | 133.00 | 0 | 0 |
| Literature - World Literature | 0 | 1 | 0 | 0 | 10 | 107 | 107.00 | 0 | 0 |
| Other Academic | 0 | 1 | 0 | 0 | 10 | 126 | 126.00 | 0 | 0 |
| Religion | 0 | 1 | 1 | 0 | 5 | 136 | 136.00 | 0 | 0 |
| Literature - European Literature | 0 | 1 | 1 | 0 | 5 | 136 | 136.00 | 0 | 1 |
| Geography | 0 | 1 | 1 | 0 | 5 | 126 | 126.00 | 0 | 1 |